000 00379nam a2200181Ia 4500
003 0100
008 130303s9999 xx 000 0 und d
040 _cARRUPELIB
050 _aBT165.K31978
100 _aKelsey, Morton
245 _aDreams
245 _bA Way to listen to God
260 _aNY
260 _bPaulist PR
260 _C1978
300 _a104p
942 0 0 _01
999 _c27338
_d27338